| 000 | 00649 a2200229 4500 | ||
|---|---|---|---|
| 001 | 200046132 | ||
| 999 |
_c200046132 _d32547 |
||
| 003 | TR-AnTOB | ||
| 005 | 20210420113732.0 | ||
| 008 | 121206s1974 tu 000 0 | ||
| 040 | _aTR-AnTOB | ||
| 041 | _atur | ||
| 050 | 0 |
_aD9 _b.B39 1974 |
|
| 090 | _aREF D9 .B39 1974 | ||
| 100 | 1 |
_aBaykal, Bekir Sıtkı, _d1908-1987 _910691 |
|
| 245 | 1 | 0 |
_aTarih terimleri sözlüğü / _cBekir Sıtkı Baykal. |
| 264 | 1 |
_aAnkara : _bTürk Dil Kurumu, _c1974 |
|
| 300 |
_a186 p. ; _c20 cm. |
||
| 490 | 0 |
_aTürk Dil Kurumu yayınları _v401 |
|
| 650 | 7 |
_aTarih _vSözlükler _2etuturkob _914699 |
|
| 650 | 0 |
_aHistory _vDictionaries _914698 |
|
| 942 | _cREF | ||